[Event "18th Asian-ch"]
[Site "New Delhi IND"]
[Date "2022.10.31"]
[Round "6.15"]
[White "Karthik, Venkataraman"]
[Black "Amartuvshin, Ganzorig"]
[Result "1-0"]
[WhiteElo "2486"]
[BlackElo "2406"]
[EventDate "2022.10.26"]
[PlyCount "85"]

1.e4 c5 2.Nf3 e6 3.d4 cxd4 4.Nxd4 Nc6 5.Nc3 Qc7 6.Be3 a6 7.Qf3 Nf6 8.O-O-O
Ne5 9.Qg3 b5 10.f4 Neg4 11.Bg1 h5 12.e5 b4 13.Na4 Nd5 14.h3 Nh6 15.f5 Bb7 
16.Bd3 Be7 17.Kb1 h4 18.Qe1 Nf4 19.Nb6 Rb8 20.Bf1 Nd5 21.Nc4 Nxf5 22.Nxf5 
exf5 23.Nd6+ Kf8 24.Nxf5 Nc3+ 25.bxc3 bxc3 26.Nxe7 Bxg2+ 27.Ka1 Bxh1 28.
Nf5 Rb2 29.Qe3 Rh5 30.Qc5+ Qxc5 31.Bxc5+ Kg8 32.Bd3 Bf3 33.Rf1 Rxf5 34.
Bxf5 Bd5 35.Rf4 Rxa2+ 36.Kb1 Rb2+ 37.Kc1 Ra2 38.Kd1 g5 39.Rd4 Bc6 40.Be7 
Ra1+ 41.Ke2 Rg1 42.Rg4 Rg3 43.Rxg5+ 1-0

[Event "18th Asian-ch"]
[Site "New Delhi IND"]
[Date "2022.10.31"]
[Round "6.16"]
[White "Raja Rithvik, R."]
[Black "Sanket, Chakravarty"]
[Result "1-0"]
[WhiteElo "2470"]
[BlackElo "2372"]
[EventDate "2022.10.26"]
[PlyCount "131"]

1.d4 d5 2.c4 dxc4 3.Nf3 Nf6 4.e3 e6 5.Bxc4 c5 6.O-O a6 7.dxc5 Bxc5 8.Qxd8+
Kxd8 9.Be2 Ke7 10.a3 Nc6 11.b4 Bd6 12.Bb2 b5 13.Nbd2 Bb7 14.Rac1 Rhc8 15.
Nb3 Nd8 16.Na5 Bd5 17.Ne5 Ne4 18.Rfd1 f6 19.Nd3 Nb7 20.f3 Rxc1 21.Rxc1 
Nxa5 22.fxe4 Nb3 23.exd5 Nxc1 24.Nxc1 Rc8 25.Nd3 Rc2 26.Kf2 exd5 27.h3 Be5
28.Bc1 Bc3 29.Kf3 Be5 30.Bd1 Rc3 31.Ke2 Rc4 32.Bb3 Rc3 33.Bxd5 Rc7 34.Kd1 
Bc3 35.e4 Bd4 36.Bd2 Ke8 37.g4 h6 38.Nf4 Bb6 39.Ne6 Re7 40.Bf4 Kd7 41.Nc5+
Kc8 42.Bd6 Ra7 43.Kc2 Bc7 44.Bf8 Be5 45.Ne6 g5 46.Bc5 Rh7 47.Nf8 Rc7 48.
Kb3 a5 49.Ne6 a4+ 50.Kc2 Rh7 51.Nd4 h5 52.Be6+ Kb7 53.Nxb5 hxg4 54.Bxg4 
Ka6 55.Nd4 Bxd4 56.Bxd4 Rc7+ 57.Kd2 Rf7 58.Kd3 Kb5 59.Be6 Rf8 60.Bc4+ Kc6 
61.b5+ Kd6 62.b6 Rh8 63.Bxf6 Rxh3+ 64.Kd4 Rxa3 65.b7 Kc7 66.Bd5 1-0

[Event "18th Asian-ch"]
[Site "New Delhi IND"]
[Date "2022.10.31"]
[Round "6.17"]
[White "Ritviz, Parab"]
[Black "Samant Aditya, S."]
[Result "1/2-1/2"]
[WhiteElo "2337"]
[BlackElo "2467"]
[EventDate "2022.10.26"]
[PlyCount "101"]

1.Nf3 Nf6 2.g3 d5 3.Bg2 c6 4.O-O Bg4 5.d3 Nbd7 6.h3 Bh5 7.c4 dxc4 8.dxc4 
h6 9.Nc3 e6 10.Bf4 Be7 11.Qc2 Bg6 12.e4 Nh5 13.Be3 Qc7 14.Nd4 O-O 15.Rad1 
e5 16.Nf5 Bxf5 17.exf5 Nhf6 18.g4 Bc5 19.Bc1 Rfe8 20.Bf3 Rac8 21.Kg2 b5 
22.h4 e4 23.Nxe4 Rxe4 24.Bxe4 Nxg4 25.f4 Ndf6 26.Bf3 Ne3+ 27.Bxe3 Bxe3 28.
cxb5 Qxf4 29.Kh3 Bb6 30.bxc6 Bc7 31.Qg2 Rb8 32.Bd5 Qe3+ 33.Qf3 Rxb2 34.
Bxf7+ Kxf7 35.Rd7+ Nxd7 36.Qxe3 Rh2+ 37.Kg4 h5+ 38.Kf3 Rh3+ 39.Ke2 Rxe3+ 
40.Kxe3 Bb6+ 41.Ke4 Nf6+ 42.Kd3 Nd5 43.Rc1 Ke7 44.Kc4 Ne3+ 45.Kb5 Kd6 46.
c7 Bxc7 47.Rc6+ Kd7 48.f6 gxf6 49.Rxf6 Ng2 50.Rf5 Nxh4 51.Rxh5 1/2-1/2

[Event "18th Asian-ch"]
[Site "New Delhi IND"]
[Date "2022.10.31"]
[Round "6.18"]
[White "Pranesh, Munirethinam"]
[Black "Winkelman, Albert"]
[Result "1-0"]
[WhiteElo "2442"]
[BlackElo "2229"]
[EventDate "2022.10.26"]
[PlyCount "49"]

1.e4 e5 2.Nf3 Nc6 3.Bb5 a6 4.Ba4 Nf6 5.O-O Be7 6.Re1 b5 7.Bb3 O-O 8.a4 d5 
9.axb5 dxe4 10.bxc6 exf3 11.Qxf3 e4 12.Qe2 Bd6 13.h3 Qe8 14.Nc3 Qe5 15.g3 
Bxh3 16.Nxe4 Ng4 17.d3 Rae8 18.Qf3 Qh5 19.Bd2 Bc5 20.Nxc5 Rxe1+ 21.Rxe1 
Qxc5 22.d4 Qh5 23.Bb4 Rb8 24.Re7 Rf8 25.Bxf7+ 1-0

[Event "18th Asian-ch"]
[Site "New Delhi IND"]
[Date "2022.10.31"]
[Round "6.19"]
[White "Abdisalimov, Abdimalik"]
[Black "Visakh, N. R."]
[Result "1/2-1/2"]
[WhiteElo "2457"]
[BlackElo "2566"]
[EventDate "2022.10.26"]
[PlyCount "83"]

1.e4 e5 2.Nf3 Nc6 3.Bb5 Nf6 4.d3 Bc5 5.c3 d5 6.O-O dxe4 7.Nxe5 O-O 8.Bxc6 
bxc6 9.d4 Bd6 10.Bg5 h6 11.Bh4 Ba6 12.Re1 Bxe5 13.dxe5 Qxd1 14.Rxd1 Ng4 
15.Nd2 Nxe5 16.Nxe4 Nd3 17.Be7 Rfe8 18.Nc5 Nxb2 19.Rd7 Bc4 20.Rxc7 Bd5 21.
a4 a5 22.f3 Nc4 23.Rb1 Ne3 24.Re1 Nc4 25.Rb1 Ne5 26.Kf2 Ng6 27.Bd6 Nh4 28.
Rcb7 Nf5 29.Bc7 Ne3 30.Rb8 Nd1+ 31.Rxd1 Rexb8 32.Bxb8 Rxb8 33.Ke3 Re8+ 34.
Kd3 Rd8 35.Kc2 Re8 36.Rd4 Re5 37.Nb7 Re2+ 38.Rd2 Bb3+ 39.Kd3 Bc4+ 40.Kc2 
Bb3+ 41.Kd3 Bc4+ 42.Kc2 1/2-1/2

[Event "18th Asian-ch"]
[Site "New Delhi IND"]
[Date "2022.10.31"]
[Round "6.20"]
[White "Harshavardhan, G. B."]
[Black "Iniyan, P."]
[Result "1/2-1/2"]
[WhiteElo "2433"]
[BlackElo "2541"]
[EventDate "2022.10.26"]
[PlyCount "116"]

1.d4 d5 2.c4 dxc4 3.e4 b5 4.a4 c6 5.axb5 cxb5 6.b3 e5 7.bxc4 Bb4+ 8.Bd2 
Qxd4 9.Bxb4 Qxa1 10.Nf3 Nc6 11.Bc3 Qa4 12.cxb5 Qxd1+ 13.Kxd1 Nd8 14.Nxe5 
f6 15.Nc4 Nf7 16.Bb4 Be6 17.Nc3 Ne7 18.Kc2 Rc8 19.Na5 Rc7 20.Nc6 Nxc6 21.
bxc6 Nd8 22.Bd6 Rxc6 23.Bb5 Kf7 24.Bxc6 Nxc6 25.Rb1 Rd8 26.Bc5 f5 27.f3 
fxe4 28.Nxe4 Bf5 29.Kc3 Bxe4 30.fxe4 Rd7 31.Be3 Re7 32.Kd3 Ne5+ 33.Kd4 Ng4
34.Bf4 Rd7+ 35.Kc5 Nf2 36.Kc6 Ke6 37.Rb5 Nd3 38.Bg3 Rd4 39.Ra5 Rc4+ 40.Kb7
Rxe4 41.Rxa7 Re2 42.Kc8 Kf6 43.Ra6+ Kf7 44.Ra3 Rc2+ 45.Kd8 Rd2 46.Ra7+ Kg6
47.Rd7 Rd1 48.Ke8 Nb2 49.Rc7 Rd2 50.Rc6+ Kf5 51.Rc7 g5 52.Rxh7 Rxg2 53.Rc7
Nd3 54.Kf7 Ne5+ 55.Bxe5 Kxe5 56.Kg6 Rxh2 57.Kxg5 Rg2+ 58.Kh4 Rd2 1/2-1/2

[Event "18th Asian-ch"]
[Site "New Delhi IND"]
[Date "2022.10.31"]
[Round "6.21"]
[White "Neelotpal, Das"]
[Black "De Silva, L. M. S. T."]
[Result "1-0"]
[WhiteElo "2400"]
[BlackElo "2516"]
[EventDate "2022.10.26"]
[PlyCount "121"]

1.d4 Nf6 2.c4 e6 3.Nc3 Bb4 4.e3 O-O 5.Bd2 d6 6.Bd3 c5 7.Nge2 Nc6 8.O-O Qe7
9.a3 Ba5 10.Qc2 Rd8 11.Rad1 h6 12.Bc1 Bb6 13.Na4 Bc7 14.f3 b6 15.b3 Bb7 
16.d5 exd5 17.cxd5 Ne5 18.Nac3 Nxd3 19.Qxd3 Bc8 20.e4 Bd7 21.Ng3 Qe8 22.
Bb2 b5 23.Nce2 Qe7 24.b4 c4 25.Qd2 a5 26.Kh1 axb4 27.axb4 Rdc8 28.Nd4 Bd8 
29.Ra1 Ne8 30.Bc3 g6 31.f4 Nf6 32.f5 Rxa1 33.Bxa1 g5 34.Ne6 c3 35.Bxc3 Bb6
36.Bd4 Bxd4 37.Qxd4 fxe6 38.fxe6 Bxe6 39.dxe6 Rf8 40.Nf5 Qxe6 41.Nxd6 Ng4 
42.Nf5 Rf6 43.h3 Ne5 44.Rc1 Nf7 45.Rc6 Qxc6 46.Ne7+ Kf8 47.Nxc6 Rxc6 48.
Qd5 Rc4 49.e5 Ke7 50.Qxb5 Rc1+ 51.Kh2 Re1 52.Qc5+ Kd7 53.Qd5+ Ke7 54.Qb7+ 
Ke6 55.Qc6+ Ke7 56.Qf6+ Ke8 57.e6 Nd8 58.Qh8+ Ke7 59.Qg7+ Kxe6 60.Qxh6+ 
Kf5 61.Qf8+ 1-0

[Event "18th Asian-ch"]
[Site "New Delhi IND"]
[Date "2022.10.31"]
[Round "6.22"]
[White "Panda, Sambit"]
[Black "Pranav, Anand"]
[Result "0-1"]
[WhiteElo "2362"]
[BlackElo "2502"]
[EventDate "2022.10.26"]
[PlyCount "102"]

1.d4 d5 2.c4 e6 3.Nc3 c6 4.e3 Nf6 5.b3 Nbd7 6.Bb2 Bd6 7.Bd3 O-O 8.Nge2 b6 
9.O-O Bb7 10.Ng3 c5 11.cxd5 exd5 12.Nf5 Bb8 13.Nb5 g6 14.Nh6+ Kg7 15.Ng4 
a6 16.Na3 Nxg4 17.Qxg4 Kg8 18.Nc2 Bd6 19.Rad1 Qe7 20.Qh3 Rac8 21.dxc5 bxc5
22.f4 f5 23.Be2 Nf6 24.Bf3 Qe6 25.Qh4 Be7 26.Qe1 Ne4 27.b4 cxb4 28.Nxb4 a5
29.Nd3 a4 30.Bxe4 Qxe4 31.Rf2 Bh4 32.Bd4 Bxf2+ 33.Nxf2 Qe7 34.Qd2 a3 35.g4
h6 36.Rb1 Kh7 37.Qa5 Rf7 38.Rb6 Rc2 39.Qa7 fxg4 40.Qb8 Bc8 41.Qe5 Qxe5 42.
Bxe5 Rb7 43.Rf6 Rb1+ 44.Kg2 Rbb2 45.Bxb2 axb2 46.Rb6 Bf5 47.Kg3 Rxf2 48.
Kxf2 b1=Q 49.Rxb1 Bxb1 50.a4 Bd3 51.Ke1 h5 0-1

[Event "18th Asian-ch"]
[Site "New Delhi IND"]
[Date "2022.10.31"]
[Round "6.23"]
[White "Raahul, V. S."]
[Black "Atabaev, Yusup"]
[Result "1/2-1/2"]
[WhiteElo "2333"]
[BlackElo "2490"]
[EventDate "2022.10.26"]
[PlyCount "32"]

1.d4 Nf6 2.c4 g6 3.Nc3 Bg7 4.e4 d6 5.Be2 O-O 6.Be3 c5 7.d5 e6 8.Nf3 exd5 
9.exd5 Bf5 10.Nh4 Bc8 11.O-O Na6 12.Nf3 Bf5 13.Nh4 Bc8 14.Nf3 Bf5 15.Nh4 
Bc8 16.Nf3 Bf5 1/2-1/2

[Event "18th Asian-ch"]
[Site "New Delhi IND"]
[Date "2022.10.31"]
[Round "6.24"]
[White "Saravana, Krishnan P."]
[Black "Batchuluun, Tsegmed"]
[Result "1-0"]
[WhiteElo "2197"]
[BlackElo "2487"]
[EventDate "2022.10.26"]
[PlyCount "79"]

1.e4 e5 2.Nf3 Nc6 3.Bb5 a6 4.Ba4 Nf6 5.O-O Be7 6.Re1 b5 7.Bb3 d6 8.c3 O-O 
9.h3 Re8 10.Ng5 Rf8 11.Nf3 Nb8 12.d4 Nbd7 13.c4 Bb7 14.Nc3 c6 15.a3 Re8 
16.cxb5 axb5 17.Be3 h6 18.Qc2 Bf8 19.Rad1 Qa5 20.Ba2 exd4 21.Nxd4 b4 22.
Nb3 Qc7 23.axb4 Nxe4 24.Bb1 Ndf6 25.Nxe4 Rxe4 26.Bd4 Rxd4 27.Nxd4 Qb6 28.
Re3 d5 29.Nf5 Kh8 30.Rf3 Ne4 31.Ng3 c5 32.Rxf7 Qxb4 33.f3 Ng5 34.Qf5 Kg8 
35.f4 Qb3 36.Bc2 Qxg3 37.fxg5 Bd6 38.Rxg7+ Kxg7 39.gxh6+ Kg8 40.Qe6+ 1-0

[Event "18th Asian-ch"]
[Site "New Delhi IND"]
[Date "2022.10.31"]
[Round "6.25"]
[White "Vignesh, N. R."]
[Black "Aradhya, Garg"]
[Result "1-0"]
[WhiteElo "2486"]
[BlackElo "2284"]
[EventDate "2022.10.26"]
[PlyCount "107"]

1.e4 e5 2.Nf3 Nc6 3.Bb5 a6 4.Ba4 Nf6 5.O-O Be7 6.Re1 b5 7.Bb3 O-O 8.c3 d5 
9.exd5 Nxd5 10.Nxe5 Nxe5 11.Rxe5 c6 12.d3 Bd6 13.Re1 Ra7 14.Bxd5 cxd5 15.
Be3 Qh4 16.g3 Qh3 17.Bxa7 Bg4 18.f3 Bxg3 19.Qe2 Bxf3 20.Qxf3 Qxh2+ 21.Kf1 
Bxe1 22.Qe2 Qf4+ 23.Kxe1 Qc1+ 24.Kf2 Qf4+ 25.Ke1 Qc1+ 26.Kf2 Qf4+ 27.Kg2 
Qg5+ 28.Kf1 Qc1+ 29.Qe1 Qxb2 30.Nd2 Qxc3 31.Rc1 Qxd3+ 32.Qe2 Qh3+ 33.Qg2 
Qd3+ 34.Qe2 Qh3+ 35.Kg1 Qd7 36.Bd4 Re8 37.Qg2 f6 38.Bxf6 h6 39.Bd4 Re6 40.
Qg3 Re7 41.Nf3 Kh7 42.Ne5 Qf5 43.Rf1 Qe4 44.Qf4 Rc7 45.Qxe4+ dxe4 46.Rf7 
Rc2 47.Ng4 Kg8 48.Rxg7+ Kf8 49.Rd7 Rc6 50.Nf6 e3 51.Kf1 h5 52.Be5 e2+ 53.
Ke1 Rc1+ 54.Kxe2 1-0

[Event "18th Asian-ch"]
[Site "New Delhi IND"]
[Date "2022.10.31"]
[Round "6.26"]
[White "Aaryan, Varshney"]
[Black "Mitrabha, Guha"]
[Result "1/2-1/2"]
[WhiteElo "2312"]
[BlackElo "2474"]
[EventDate "2022.10.26"]
[PlyCount "45"]

1.d4 Nf6 2.c4 g6 3.Nc3 Bg7 4.e4 d6 5.Nf3 O-O 6.Be2 Nbd7 7.O-O e5 8.Be3 Qe7
9.Qc2 c6 10.Rad1 Re8 11.d5 c5 12.Ne1 Rf8 13.Nd3 Ne8 14.a3 f5 15.exf5 gxf5 
16.f4 e4 17.Nf2 Ndf6 18.h3 h5 19.g3 Bd7 20.Kh2 Bc8 21.Kg1 Bd7 22.Kh2 Bc8 
23.Kg1 1/2-1/2

[Event "18th Asian-ch"]
[Site "New Delhi IND"]
[Date "2022.10.31"]
[Round "6.27"]
[White "Bilguun, Sumiya"]
[Black "Nitish, Belurkar"]
[Result "1/2-1/2"]
[WhiteElo "2467"]
[BlackElo "2435"]
[EventDate "2022.10.26"]
[PlyCount "87"]

1.e4 e6 2.d4 d5 3.e5 c5 4.c3 Nc6 5.Nf3 Bd7 6.a3 c4 7.g3 Na5 8.Nbd2 Qb6 9.
Bg2 O-O-O 10.h4 Kb8 11.O-O h6 12.h5 Ne7 13.Kh1 g6 14.Nh4 Bg7 15.Bh3 g5 16.
Ng2 f5 17.exf6 Bxf6 18.Nf3 Nb3 19.Rb1 Nf5 20.Ne3 Bg7 21.Ng4 e5 22.Nfxe5 
Bxe5 23.Nxe5 Nxg3+ 24.fxg3 Bxh3 25.Rf2 Rhf8 26.Rxf8 Rxf8 27.Be3 Qe6 28.Qe2
Nc5 29.dxc5 Bf1 30.Rxf1 Qh3+ 31.Kg1 Qxg3+ 32.Kh1 Qh3+ 33.Kg1 Qg3+ 34.Kh1 
Qh3+ 35.Kg1 Rxf1+ 36.Qxf1 Qxe3+ 37.Kg2 Qxe5 38.Qf8+ Kc7 39.Qxh6 Qe2+ 40.
Kg3 Qe3+ 41.Kg2 Qe4+ 42.Kg3 Qf4+ 43.Kg2 Qe4+ 44.Kg3 1/2-1/2

[Event "18th Asian-ch"]
[Site "New Delhi IND"]
[Date "2022.10.31"]
[Round "6.28"]
[White "Yakubboev, Nodirbek"]
[Black "Laxman, Rajaram"]
[Result "1/2-1/2"]
[WhiteElo "2663"]
[BlackElo "2378"]
[EventDate "2022.10.26"]
[PlyCount "64"]

1.c4 e5 2.Nc3 Nf6 3.Nf3 Nc6 4.e4 Bb4 5.d3 d6 6.a3 Bc5 7.b4 Bb6 8.Be3 Bg4 
9.Be2 Bxf3 10.Bxf3 Nd4 11.Na4 Nxf3+ 12.Qxf3 Bxe3 13.Qxe3 O-O 14.O-O c6 15.
h3 Nh5 16.Kh2 Nf4 17.d4 Ne6 18.d5 cxd5 19.exd5 Nd4 20.Qd3 Rc8 21.f4 Qd7 
22.Nc3 Qc7 23.Ne4 f5 24.Nd2 g6 25.Kh1 Qg7 26.Rad1 Rfe8 27.fxe5 Qxe5 28.
Rfe1 Ne2 29.Nf3 Ng3+ 30.Kg1 Ne2+ 31.Kf1 Ng3+ 32.Kg1 Ne2+ 1/2-1/2

[Event "18th Asian-ch"]
[Site "New Delhi IND"]
[Date "2022.10.31"]
[Round "6.29"]
[White "Suleymenov, Alisher"]
[Black "Saydaliev, Saidakbar"]
[Result "1/2-1/2"]
[WhiteElo "2491"]
[BlackElo "2376"]
[EventDate "2022.10.26"]
[PlyCount "110"]

1.d4 Nf6 2.Nf3 d5 3.Bf4 c5 4.e3 Nc6 5.Nbd2 e6 6.c3 Bd6 7.Bg3 O-O 8.Bd3 Qe7
9.Ne5 Nd7 10.Nxd7 Qxd7 11.Bxd6 Qxd6 12.f4 cxd4 13.cxd4 Bd7 14.a3 Ne7 15.
Nf3 f6 16.O-O Rac8 17.Qb3 Rc7 18.Qb4 Qxb4 19.axb4 a6 20.Rfc1 Rxc1+ 21.Rxc1
Rc8 22.Rc3 Bb5 23.Bxb5 axb5 24.Ne1 Rxc3 25.bxc3 Nf5 26.Nc2 Nd6 27.Na3 h5 
28.h3 h4 29.Kf2 Kf7 30.Kf3 g5 31.fxg5 fxg5 32.g4 hxg3 33.Kxg3 Kf6 34.Kg4 
Kg6 35.Nc2 Ne4 36.Ne1 Nxc3 37.Nf3 Na2 38.Nxg5 Kf6 39.e4 Nxb4 40.e5+ Ke7 
41.h4 Nc2 42.h5 Ne3+ 43.Kf3 Nf5 44.Ke2 Ng3+ 45.Kd3 Nxh5 46.Kc3 Nf4 47.Kb4 
Ne2 48.Nf3 Kd7 49.Kxb5 Kc7 50.Ng5 Nf4 51.Kc5 b6+ 52.Kb5 Kb7 53.Nf7 Kc7 54.
Ng5 Kb7 55.Nf7 Kc7 1/2-1/2

[Event "18th Asian-ch"]
[Site "New Delhi IND"]
[Date "2022.10.31"]
[Round "6.30"]
[White "Wagh, Suyog"]
[Black "Vaishali, R."]
[Result "1-0"]
[WhiteElo "2351"]
[BlackElo "2451"]
[EventDate "2022.10.26"]
[PlyCount "65"]

1.d4 Nf6 2.c4 c5 3.d5 b5 4.cxb5 a6 5.bxa6 g6 6.Nc3 Bg7 7.Nf3 O-O 8.a7 Rxa7
9.e4 e6 10.Be2 exd5 11.exd5 d6 12.O-O Na6 13.Bf4 Nc7 14.Bc4 Ba6 15.Nd2 Nh5
16.Be3 Re8 17.Qf3 f5 18.g3 Qa8 19.Rfe1 Kh8 20.Bg5 Be5 21.Bxa6 Rxa6 22.Nc4 
Ne6 23.Be3 Nf6 24.Rad1 Qb7 25.Qg2 Bxc3 26.bxc3 Qb5 27.dxe6 Qxc4 28.Qb7 
Rxa2 29.Bh6 Rg8 30.Rxd6 Qxc3 31.Rf1 Qe5 32.Rd8 Ne8 33.Qf7 1-0

[Event "18th Asian-ch"]
[Site "New Delhi IND"]
[Date "2022.10.31"]
[Round "6.31"]
[White "Srihari, L. R."]
[Black "Krishna Teja, N."]
[Result "1-0"]
[WhiteElo "2436"]
[BlackElo "2359"]
[EventDate "2022.10.26"]
[PlyCount "91"]

1.d4 Nf6 2.Bg5 d5 3.Nd2 e6 4.e3 c5 5.c3 Nc6 6.Ngf3 Bd6 7.Bd3 O-O 8.Qe2 Be7
9.dxc5 Nd7 10.Bxe7 Qxe7 11.e4 Nxc5 12.Bc2 dxe4 13.Nxe4 Rd8 14.O-O Bd7 15.
Rfd1 Be8 16.Qe3 Nxe4 17.Qxe4 g6 18.Qe3 e5 19.Be4 f6 20.h4 Bf7 21.h5 Na5 
22.Rxd8+ Qxd8 23.hxg6 hxg6 24.Qh6 Qf8 25.Qh4 Qd6 26.Qg4 Kh7 27.g3 Rg8 28.
Kg2 Qe6 29.Qh4+ Kg7 30.Rh1 Kf8 31.Rd1 Qe7 32.Qh6+ Ke8 33.Nh4 Nc4 34.Nxg6 
Qc7 35.Nh4 Nd6 36.Bf3 e4 37.Bh5 Qe7 38.Bxf7+ Nxf7 39.Qe3 b6 40.Rd4 Ng5 41.
Nf5 Qh7 42.Rxe4+ Nxe4 43.Qxe4+ Kf8 44.Qa8+ Kf7 45.Qb7+ Kg6 46.Ne7+ 1-0

[Event "18th Asian-ch"]
[Site "New Delhi IND"]
[Date "2022.10.31"]
[Round "6.32"]
[White "Sattarov, Bobir"]
[Black "Manish Anto, Cristiano F."]
[Result "0-1"]
[WhiteElo "2433"]
[BlackElo "2332"]
[EventDate "2022.10.26"]
[PlyCount "94"]

1.e4 c5 2.Nf3 d6 3.d4 cxd4 4.Nxd4 Nf6 5.Nc3 a6 6.a3 Nc6 7.Bc4 e6 8.O-O Be7
9.Ba2 O-O 10.Be3 Bd7 11.f4 Rc8 12.Kh1 Na5 13.e5 dxe5 14.fxe5 Ne8 15.Qh5 
Nc4 16.Bxc4 Rxc4 17.Rf3 g6 18.Qh6 f5 19.exf6 Nxf6 20.Rd1 Qe8 21.h3 e5 22.
Nde2 Nh5 23.Rdf1 Rxf3 24.Rxf3 Rh4 25.Nd5 Nf4 26.Nxe7+ Qxe7 27.Bc5 Qf6 28.
Rxf4 exf4 29.Bd4 Qe7 30.Bc5 Qd8 31.Bb6 Qf6 32.Bd4 Rxh6 33.Bxf6 f3 34.gxf3 
Rxh3+ 35.Kg2 Rh5 36.c4 Rf5 37.Bc3 Bc6 38.Nd4 Rf4 39.Kg3 g5 40.b4 h5 41.
Nxc6 bxc6 42.Bd2 Rf5 43.a4 Kf7 44.f4 g4 45.Bc3 Kg6 46.Be5 Rf7 47.Kh4 Rd7 
0-1

[Event "18th Asian-ch"]
[Site "New Delhi IND"]
[Date "2022.10.31"]
[Round "6.33"]
[White "Chakravarthi Reddy, M."]
[Black "Moksh Amit, Doshi"]
[Result "0-1"]
[WhiteElo "2301"]
[BlackElo "2430"]
[EventDate "2022.10.26"]
[PlyCount "60"]

1.d4 Nf6 2.c4 e6 3.Nf3 d5 4.cxd5 exd5 5.Nc3 c6 6.Bg5 h6 7.Bh4 Bf5 8.e3 
Nbd7 9.Bd3 Bxd3 10.Qxd3 Be7 11.O-O O-O 12.Rab1 a5 13.Nd2 Re8 14.f3 b5 15.
Bf2 a4 16.Kh1 b4 17.Ne2 c5 18.dxc5 Nxc5 19.Qc2 Rc8 20.Nd4 g6 21.Rbd1 Qb6 
22.Nb1 Nb3 23.Qd3 Nxd4 24.exd4 Nh5 25.Be3 Qf6 26.a3 Bd6 27.f4 bxa3 28.Nxa3
Qh4 29.Bd2 Re2 30.Qf3 Rxd2 0-1

[Event "18th Asian-ch"]
[Site "New Delhi IND"]
[Date "2022.10.31"]
[Round "6.34"]
[White "Nitin, S."]
[Black "Jain Kashish, Manoj"]
[Result "0-1"]
[WhiteElo "2407"]
[BlackElo "2300"]
[EventDate "2022.10.26"]
[PlyCount "74"]

1.e4 e6 2.d4 d5 3.e5 c5 4.c3 Nc6 5.Nf3 Qb6 6.Bd3 cxd4 7.O-O Bd7 8.a3 Nge7 
9.Re1 Rc8 10.h4 Nf5 11.Bxf5 exf5 12.cxd4 Na5 13.Nc3 Be6 14.Qd3 Be7 15.Rb1 
h6 16.b3 O-O 17.Bd2 Qd8 18.Ne2 Nc6 19.Ng3 f4 20.Bxf4 Bxa3 21.Qe3 Kh7 22.
Nh5 Rg8 23.Qd3+ Kh8 24.Bd2 Nb4 25.Qe2 Nc2 26.Red1 Bg4 27.Nf4 Nxd4 28.Qd3 
Bxf3 29.Qxd4 Bxd1 30.Rxd1 Bc5 31.Qa4 b5 32.Qxb5 Qxh4 33.Qe2 Rge8 34.e6 Qf6
35.b4 Bb6 36.Nxd5 Qxe6 37.Qf3 Qe2 0-1

[Event "18th Asian-ch"]
[Site "New Delhi IND"]
[Date "2022.10.31"]
[Round "6.35"]
[White "Shahil, Dey"]
[Black "Avinash, Ramesh"]
[Result "0-1"]
[WhiteElo "2395"]
[BlackElo "2338"]
[EventDate "2022.10.26"]
[PlyCount "62"]

1.e4 c5 2.Nf3 d6 3.Nc3 Nc6 4.d4 cxd4 5.Nxd4 Nf6 6.Bg5 e6 7.Qd2 a6 8.Nxc6 
bxc6 9.O-O-O Be7 10.Bxf6 gxf6 11.Bc4 Qa5 12.Bb3 h5 13.f4 Bb7 14.Rhe1 O-O-O
15.Kb1 Kb8 16.Qf2 d5 17.Rd3 Bc5 18.Qe2 d4 19.Nd1 Bb6 20.Bc4 Qc5 21.Rf3 a5 
22.Nf2 a4 23.Rf1 Rd7 24.f5 e5 25.Rh3 Kc7 26.Bd3 Ba5 27.Rxh5 Rb8 28.Nd1 Bc3
29.Bc4 Ba6 30.Bxa6 Rxb2+ 31.Nxb2 Qb4 0-1

[Event "18th Asian-ch"]
[Site "New Delhi IND"]
[Date "2022.10.31"]
[Round "6.36"]
[White "Nurmamedov, Azat"]
[Black "Jaiswal, Rupesh"]
[Result "1-0"]
[WhiteElo "2382"]
[BlackElo "2135"]
[EventDate "2022.10.26"]
[PlyCount "93"]

1.e4 c5 2.Nf3 d6 3.d4 cxd4 4.Nxd4 Nf6 5.Nc3 a6 6.Be3 e5 7.Nb3 Be7 8.f3 Be6
9.Qd2 h5 10.O-O-O Nbd7 11.Kb1 Rc8 12.Nd5 Nxd5 13.exd5 Bf5 14.Bd3 Bxd3 15.
Qxd3 Bg5 16.Bf2 Qc7 17.h4 Bh6 18.Rhe1 O-O 19.g4 hxg4 20.fxg4 Bf4 21.c3 Qc4
22.Qf3 b5 23.Na5 Qc7 24.Nc6 Nb8 25.Nb4 a5 26.Nd3 b4 27.Nxf4 bxc3 28.Qxc3 
Qxc3 29.bxc3 exf4 30.Kc2 Rfe8 31.Rd4 Rxe1 32.Bxe1 Nd7 33.Rxf4 Nb6 34.Rd4 
Kf8 35.Kd3 Ke7 36.Re4+ Kd7 37.c4 Na4 38.Rf4 Nc5+ 39.Kd4 Ke7 40.Bxa5 Nd7 
41.Bb4 f6 42.Kc3 Rb8 43.h5 Rc8 44.a4 Nb6 45.Re4+ Kd7 46.Kb3 Ra8 47.Re6 1-0

[Event "18th Asian-ch"]
[Site "New Delhi IND"]
[Date "2022.10.31"]
[Round "6.37"]
[White "Prraneeth, Vuppala"]
[Black "Muhammed, Shuaau"]
[Result "1/2-1/2"]
[WhiteElo "2451"]
[BlackElo "2010"]
[EventDate "2022.10.26"]
[PlyCount "101"]

1.e4 e5 2.Nf3 Nc6 3.Bc4 Nf6 4.d3 Be7 5.O-O O-O 6.Nc3 d6 7.a4 Na5 8.Ba2 c5 
9.Bg5 Ne8 10.Bxe7 Qxe7 11.Nd5 Qd8 12.Nd2 Nc7 13.f4 Nxd5 14.Bxd5 exf4 15.
Rxf4 Be6 16.Qh5 h6 17.Raf1 Qg5 18.Qf3 Nc6 19.Bxc6 bxc6 20.Nc4 Bxc4 21.dxc4
Qe7 22.Rg4 Qe5 23.b3 Rad8 24.Rf4 Qe6 25.Rd1 Rd7 26.h3 Rfd8 27.Rf5 Re8 28.
Rd3 a6 29.Qg4 Qxe4 30.Qxe4 Rxe4 31.Rxc5 dxc5 32.Rxd7 Re2 33.Ra7 Rxc2 34.
Ra8+ Kh7 35.Rxa6 Rc1+ 36.Kh2 Rb1 37.Rb6 f5 38.a5 f4 39.a6 g5 40.a7 Ra1 41.
Rxc6 Rxa7 42.Rxc5 Ra2 43.Kg1 Kg6 44.Rc6+ Kh5 45.Rd6 Rb2 46.Rd3 Rc2 47.Kf1 
Kh4 48.Rf3 h5 49.Kg1 g4 50.hxg4 hxg4 51.Rf2 1/2-1/2

[Event "18th Asian-ch"]
[Site "New Delhi IND"]
[Date "2022.10.31"]
[Round "6.38"]
[White "Hossain, Enamul"]
[Black "Sharma Dinesh, K."]
[Result "1-0"]
[WhiteElo "2390"]
[BlackElo "2242"]
[EventDate "2022.10.26"]
[PlyCount "49"]

1.e4 c6 2.d4 d5 3.exd5 cxd5 4.c4 Nf6 5.Nc3 e6 6.Nf3 Bb4 7.cxd5 Nxd5 8.Qc2 
Nc6 9.Bd3 Ba5 10.a3 Bb6 11.O-O h6 12.Rd1 O-O 13.Bh7+ Kh8 14.Be4 Nf6 15.
Bxc6 bxc6 16.Ne5 Bb7 17.Be3 Nd5 18.Ne4 Bc7 19.Nc5 Bc8 20.Qe2 Nxe3 21.Qxe3 
Qe8 22.Qf3 Rb8 23.b4 Rb6 24.Re1 Ba6 25.Ned7 1-0

[Event "18th Asian-ch"]
[Site "New Delhi IND"]
[Date "2022.10.31"]
[Round "6.39"]
[White "Ratnakaran, K."]
[Black "Tologon, Tegin Semetei"]
[Result "0-1"]
[WhiteElo "2329"]
[BlackElo "2382"]
[EventDate "2022.10.26"]
[PlyCount "124"]

1.e4 e5 2.Nf3 Nc6 3.Bb5 a6 4.Ba4 Nf6 5.Qe2 b5 6.Bb3 Be7 7.c3 O-O 8.h3 d5 
9.d3 dxe4 10.dxe4 Qe8 11.O-O Bd6 12.a4 Na5 13.Bc2 Bd7 14.b4 Nb7 15.axb5 
axb5 16.Rxa8 Qxa8 17.Nxe5 Bxe5 18.f4 Bd6 19.e5 Re8 20.Qd3 g6 21.Qf3 Qa7+ 
22.Be3 Qa2 23.Rf2 Qd5 24.Bd2 Qxf3 25.Rxf3 Bc6 26.Rf1 Ne4 27.Bxe4 Bxe4 28.
exd6 Nxd6 29.Na3 Bd3 30.Rf3 Be4 31.Re3 f5 32.Kf2 Kf7 33.Bc1 Ra8 34.g4 h5 
35.gxh5 gxh5 36.Rg3 h4 37.Rg5 Bc6 38.Ke2 Re8+ 39.Be3 Be4 40.Bc5 Ra8 41.
Bxd6 Rxa3 42.Be5 Ra2+ 43.Ke3 Rh2 44.Rg7+ Ke6 45.Rg6+ Kd5 46.Bxc7 Rxh3+ 47.
Kf2 Rxc3 48.Rd6+ Kc4 49.Rg6 Kd5 50.Rd6+ Kc4 51.Rh6 h3 52.Be5 Rf3+ 53.Kg1 
Kxb4 54.Kh2 Kc4 55.Kg1 Kb4 56.Kh2 Kc4 57.Rh8 b4 58.Rc8+ Kd5 59.Rd8+ Kc6 
60.Rc8+ Kd7 61.Rh8 b3 62.Rxh3 b2 0-1

[Event "18th Asian-ch"]
[Site "New Delhi IND"]
[Date "2022.10.31"]
[Round "6.40"]
[White "Liyanage Ranindu, Dilshan"]
[Black "Sharan, Rao"]
[Result "1/2-1/2"]
[WhiteElo "2310"]
[BlackElo "2350"]
[EventDate "2022.10.26"]
[PlyCount "162"]

1.d4 d5 2.c4 e6 3.Nf3 Nf6 4.g3 Bb4+ 5.Bd2 a5 6.Qc2 O-O 7.Bg2 b6 8.O-O Ba6 
9.b3 Nbd7 10.Rc1 c5 11.Qb2 Rc8 12.Bxb4 cxb4 13.Nbd2 Qe7 14.Ne5 dxc4 15.
Ndxc4 Bxc4 16.Nxc4 Nd5 17.e4 Nc3 18.e5 Rc7 19.Re1 Rd8 20.f4 Nb5 21.Qf2 Nf8
22.Rad1 a4 23.f5 exf5 24.Nxb6 Nc3 25.Rd2 axb3 26.axb3 g6 27.d5 Qc5 28.Nc4 
Qxf2+ 29.Kxf2 Rcd7 30.Nd6 f6 31.Nc4 fxe5 32.Rxe5 Nb5 33.Re3 Kg7 34.Ne5 Rd6
35.Ra2 Kf6 36.Nc4 R6d7 37.Ra6+ Kg7 38.Rd3 Nc7 39.Ra7 Nb5 40.Ra5 Rb8 41.d6 
Ra7 42.d7 Rxd7 43.Rxd7+ Nxd7 44.Bc6 Nc5 45.Bxb5 Nxb3 46.Ra7+ Kf6 47.Ba4 
Nc5 48.Bd1 b3 49.Nb2 h5 50.Ke3 Rb4 51.Ra5 Ne6 52.Ra4 Rxa4 53.Nxa4 Ke5 54.
Bxb3 f4+ 55.Kf2 fxg3+ 56.Kxg3 Nd4 57.Bd1 Nf5+ 58.Kf2 Kf4 59.Nc3 Ne7 60.
Ne2+ Kg4 61.Ng1+ Kg5 62.Nf3+ Kf4 63.Nd4 Ke5 64.Ne2 Nf5 65.Ba4 g5 66.Bd7 
Nd6 67.Kf3 Ne4 68.Be8 g4+ 69.Ke3 Nf6 70.Bc6 Ne4 71.Be8 Nf6 72.Bc6 h4 73.
Nf4 Kf5 74.Bb5 Kg5 75.Bd3 Nh5 76.Ne2 Nf6 77.Nc3 Nh5 78.Ne4+ Kf5 79.Nf2+ 
Kg5 80.Be2 Nf6 81.Bd1 g3 1/2-1/2